|
|
|
|
| LEADER |
00000cam a2200000 a 4500 |
| 001 |
vtls001423211 |
| 003 |
SK-MaSNL |
| 005 |
20260301202523.0 |
| 008 |
240318s2000 xo oa g 000 0dslo |
| 015 |
|
|
|a SNBA2002/01-00118
|
| 020 |
|
|
|a 8096852809
|
| 035 |
|
|
|a SNK000378083
|
| 035 |
|
|
|a urn:nbn:sk:snk-amyh9g
|
| 035 |
|
|
|a urn:nbn:sk:snk-am00cl7i
|
| 035 |
|
|
|a 1595377E-7A46-4FAB-BF91-28F8F857ACE7
|
| 040 |
|
|
|a SNK
|b slo
|c SNK
|e AACR2
|
| 041 |
0 |
|
|a slo
|
| 044 |
|
|
|a xo
|c SK
|
| 080 |
|
|
|a 352/354:342.9
|2 1981
|
| 080 |
|
|
|a 342.9
|2 1981
|
| 100 |
1 |
|
|a Machajová, Jozefína,
|d 1949-
|4 aut
|9 39527
|
| 245 |
1 |
0 |
|a Občan a verejná správa
|c Jozefína Machajová a kolektív ; [odborný recenzent Ján Svák ; predslov Šarlota Pufflerová ; kresby Vladimír Fedorovič ]
|
| 260 |
|
|
|a Bratislava
|b Nadácia Občan a demokracia
|c 2000
|
| 300 |
|
|
|a 328 s.
|b fotogr., ilustr., sch., tab.
|c 26 cm
|
| 650 |
0 |
7 |
|a verejná správa
|2 SNKPH
|9 1538
|
| 650 |
0 |
7 |
|a štátna správa
|2 SNKPH
|9 1539
|
| 650 |
0 |
7 |
|a samospráva
|2 SNKPH
|9 4165
|
| 650 |
0 |
7 |
|a občianska spoločnosť
|2 SNKPH
|9 4424
|
| 650 |
0 |
7 |
|a správne právo
|2 SNKPH
|9 2266
|
| 655 |
|
7 |
|a základy
|2 SNKPH
|9 584656
|
| 655 |
|
7 |
|a učebnice
|2 SNKPH
|9 22521
|
| 700 |
1 |
|
|a Fedorovič, Vladimír
|4 ill
|9 291748
|
| 700 |
1 |
|
|a Svák, Ján,
|d 1960-
|4 rev
|9 103258
|
| 700 |
1 |
|
|a Pufflerová, Šarlota,
|d 1958-
|4 aui
|9 134371
|
| 919 |
|
|
|a 80-968528-0-9
|
| 958 |
|
|
|a TL
|
| 958 |
|
|
|a NB
|
| 999 |
|
|
|c 899133
|d 901063
|
| 952 |
|
|
|t P60, <03>, [BOOK], {603}
|a SNK
|b SNK
|y PREZ
|7 0
|p 17A0320367
|o snkSB 64064
|i snkKSP 12357/2001
|0 0
|1 0
|4 0
|d 2001-10-30
|f 1
|l 0
|r 2025-04-17 00:00:00
|w 2026-02-24
|
| 952 |
|
|
|t P60, <07>, [BOOK], {667}
|a SNK
|b SNK
|y VYP
|7 0
|p 17A0322641
|o snkSB 64064 D1
|i snkKSP 13025/2001
|0 0
|1 0
|4 0
|d 2001-11-27
|l 0
|r 2005-01-02 00:00:00
|w 2026-02-24
|